[Event "I Open Sociale Caissa"]
[Site "Napoli ITA"]
[Date "2015.07.03"]
[Round "5"]
[White "Solombrino, Giovanni"]
[Black "Minopoli, Francesco"]
[WhiteElo "1831"]
[BlackElo "1652"]
[Result "1-0"]
[PlyCount "76"]
[EventDate "2015.06.04"]

1. e4 c5 2. Nf3 g6 3. Bc4 Nc6 4. c3 Bg7 5. d4 Qb6 6. d5 Nd8 7. e5 Nh6 8. Nbd2
O-O 9. O-O d6 10. exd6 exd6 11. Ne4 Ng4 12. Bf4 Qxb2 13. Rb1 Qa3 14. Bxd6 Re8
15. Bxc5 Qa5 16. Bb4 Qc7 17. Bd3 Be5 18. d6 Qc6 19. Nxe5 Nxe5 20. Nf6+ Kg7 21.
Nxe8+ Qxe8 22. Re1 Ndc6 23. f4 Bg4 24. Qd2 Nxb4 25. cxb4 Qc6 26. fxe5 Re8 27.
Qf4 Be6 28. Rbc1 Qb6+ 29. Kh1 Rd8 30. Rc7 Kg8 31. Qf6 Rf8 32. Qf4 a5 33. a3
axb4 34. axb4 Kg7 35. Rec1 Qa7 36. Bc4 Bf5 37. e6 Qa3 38. e7 Re8 1-0

[Event "I Open Sociale Caissa"]
[Site "Napoli ITA"]
[Date "2015.07.09"]
[Round "6"]
[White "Auletta, Angelo"]
[Black "Baltzopoulos, Giorgos"]
[WhiteElo "2129"]
[BlackElo "2002"]
[Result "0-1"]
[PlyCount "134"]
[EventDate "2015.06.04"]

1. e4 e5 2. Nf3 Nc6 3. Bb5 a6 4. Ba4 Nf6 5. O-O b5 6. Bb3 Bc5 7. Nxe5 Nxe5 8.
d4 Bxd4 9. Qxd4 d6 10. c3 c5 11. Qe3 O-O 12. f4 Neg4 13. Qf3 Bb7 14. Nd2 c4 15.
Bd1 Qb6+ 16. Kh1 Rfe8 17. h3 Ne3 18. Qf2 Qa7 19. Re1 Nxd1 20. Qxa7 Rxa7 21.
Rxd1 Bxe4 22. Nxe4 Nxe4 23. Kg1 Rb7 24. Be3 f5 25. Bd4 a5 26. g4 g6 27. Kg2 Kf7
28. Rac1 a4 29. Rc2 Rbe7 30. Kf3 Nc5 31. gxf5 Nd3 32. fxg6+ hxg6 33. Kg4 Re2
34. Rxe2 Rxe2 35. b3 Rxa2 36. bxa4 bxa4 37. f5 Rg2+ 38. Kf3 Rg5 39. fxg6+ Kxg6
40. h4 Ra5 41. Kg4 a3 42. Ra1 a2 43. h5+ Kh7 44. Be3 Ne1 45. Rxe1 a1=Q 46. Rxa1
Rxa1 47. Kf5 Rd1 48. Ke4 Rd3 49. Bd4 Rh3 50. Kd5 Rxh5+ 51. Kxc4 Kg6 52. Kd3 Kf5
53. Be3 Rh4 54. Bd4 Ke6 55. Kc4 Rg4 56. Kd3 Kd5 57. c4+ Kc6 58. Bc3 Kb7 59. Bd4
Ka6 60. Be3 Ka5 61. c5 d5 62. c6 Rc4 63. c7 Rxc7 64. Kd4 Rd7 65. Kc5 Ka4 66.
Bd4 Kb3 67. Kc6 Kc4 0-1

[Event "I Open Sociale Caissa"]
[Site "Napoli ITA"]
[Date "2015.07.09"]
[Round "6"]
[White "Buonanno, Raffaele"]
[Black "Fortuna, Armando"]
[WhiteElo "1704"]
[BlackElo "1608"]
[Result "1-0"]
[PlyCount "113"]
[EventDate "2015.06.04"]

1. d4 Nf6 2. c4 e6 3. Nc3 Bb4 4. Qc2 O-O 5. h3 Bxc3+ 6. Qxc3 b6 7. Bg5 Bb7 8.
Nf3 d6 9. e3 Nbd7 10. Qc2 c5 11. Bd3 Qc7 12. O-O Bxf3 13. gxf3 cxd4 14. exd4
Rac8 15. Rac1 Qb7 16. Qe2 d5 17. cxd5 Qxd5 18. Be3 Qd6 19. Ba6 Rxc1 20. Rxc1
Nd5 21. Bb5 Nb8 22. Qc2 Rd8 23. Bd3 h6 24. Be4 f5 25. Bxd5 Qxd5 26. Qc7 Rf8 27.
f4 Nd7 28. Qxa7 Rf6 29. Kf1 Qb5+ 30. Ke1 Rg6 31. Qa8+ Kh7 32. b4 Qd3 33. Qh1
Nf6 34. Qf1 Qa3 35. Qc4 Rg1+ 36. Ke2 Rxc1 37. Bxc1 Qxh3 38. Qxe6 Qg4+ 39. Kd3
Qd1+ 40. Bd2 Qb1+ 41. Ke2 Ng4 42. a3 Nh2 43. d5 Qf1+ 44. Ke3 Qh3+ 45. Kd4 Nf3+
46. Kc3 Ng5+ 47. Qe3 Ne4+ 48. Kc4 Qf1+ 49. Kd4 Qd1 50. Kd3 Qb3+ 51. Kd4 Qxe3+
52. Bxe3 Kg8 53. Ke5 Kf7 54. Bxb6 h5 55. f3 Ng3 56. d6 Ke8 57. Ke6 1-0

[Event "I Open Sociale Caissa"]
[Site "Napoli ITA"]
[Date "2015.07.09"]
[Round "6"]
[White "Di Giovine, Massimo"]
[Black "Angelotti, Mario"]
[WhiteElo "1690"]
[BlackElo "1694"]
[Result "0-1"]
[PlyCount "64"]
[EventDate "2015.06.04"]

1. d4 Nf6 2. c4 g6 3. Nc3 d5 4. e3 Bg7 5. Nf3 Bg4 6. cxd5 Nxd5 7. Be2 Nxc3 8.
bxc3 O-O 9. O-O c5 10. Nd2 Bxe2 11. Qxe2 Qc7 12. Rb1 Nd7 13. Nf3 a6 14. a4 Rfb8
15. Qc4 Nb6 16. Qb3 Nd7 17. Nd2 b5 18. axb5 Rxb5 19. Qd5 Nb6 20. Qa2 c4 21. Ne4
Qc6 22. Nc5 Nd5 23. Bd2 Rab8 24. Qc2 Bf8 25. e4 Nf6 26. e5 Nd7 27. Ne4 f5 28.
Ng5 h6 29. Nh3 Nb6 30. Rb2 Nd5 31. Rfb1 Kh7 32. Qa4 Rxb2 0-1

[Event "I Open Sociale Caissa"]
[Site "Napoli ITA"]
[Date "2015.07.09"]
[Round "6"]
[White "Esposito, Luigi"]
[Black "Somma, Erminio"]
[WhiteElo "1350"]
[BlackElo "1512"]
[Result "1-0"]
[PlyCount "63"]
[EventDate "2015.06.04"]

1. Nf3 f5 2. g3 g6 3. Bg2 Bg7 4. O-O Nf6 5. d3 O-O 6. Nbd2 d6 7. e4 e5 8. Re1
fxe4 9. dxe4 Nc6 10. h3 Be6 11. Ng5 Bd7 12. c3 Kh8 13. Nf1 h6 14. Nf3 Be6 15.
Be3 Qd7 16. Kh2 Kh7 17. N1d2 g5 18. Rh1 a5 19. a4 Nd8 20. g4 c5 21. Qe2 Qc7 22.
Kg1 Bf7 23. h4 gxh4 24. g5 Bh5 25. gxf6 Bxf6 26. Ng5+ Bxg5 27. Qxh5 Bxe3 28.
fxe3 Qf7 29. Qxh4 Qg6 30. Rf1 Rxf1+ 31. Kxf1 Ne6 32. Bh3 1-0

[Event "I Open Sociale Caissa"]
[Site "Napoli ITA"]
[Date "2015.07.09"]
[Round "6"]
[White "Freda, Guido"]
[Black "Baccelliere, Donato"]
[WhiteElo "1578"]
[BlackElo "1458"]
[Result "1-0"]
[PlyCount "73"]
[EventDate "2015.06.04"]

1. e4 c5 2. Nf3 d6 3. d4 cxd4 4. Nxd4 Nf6 5. Nc3 a6 6. Be3 e6 7. Be2 Be7 8. Qd2
Qc7 9. O-O-O O-O 10. h4 Nbd7 11. f4 e5 12. Nf5 Nc5 13. Nxe7+ Qxe7 14. Bxc5 dxc5
15. f5 b5 16. Qe3 Bb7 17. Bf3 Rfd8 18. g4 Rd4 19. Nd5 Nxd5 20. exd5 Qd6 21. c3
Rxd1+ 22. Rxd1 b4 23. c4 a5 24. g5 a4 25. Be4 Ba6 26. Qd3 f6 27. Rg1 Rf8 28. h5
Bc8 29. h6 fxg5 30. hxg7 Kxg7 31. Rxg5+ Kf7 32. Qh3 Qf6 33. Qxh7+ Ke8 34. Qh5+
Ke7 35. Rg6 Qh8 36. f6+ Kf7 37. Rh6+ 1-0

[Event "I Open Sociale Caissa"]
[Site "Napoli ITA"]
[Date "2015.07.09"]
[Round "6"]
[White "Gatto, Lucio"]
[Black "Messina, Enrico"]
[WhiteElo "2082"]
[BlackElo "2127"]
[Result "1/2-1/2"]
[PlyCount "72"]
[EventDate "2015.06.04"]

1. e4 d6 2. d4 Nf6 3. Nc3 e5 4. dxe5 dxe5 5. Qxd8+ Kxd8 6. Bg5 c6 7. O-O-O+ Ke8
8. f4 Be7 9. h3 h6 10. Bxf6 Bxf6 11. fxe5 Bxe5 12. Bc4 Be6 13. Bxe6 fxe6 14.
Nce2 Nd7 15. Nf3 Bc7 16. c3 Ke7 17. Kc2 Rhf8 18. Rhf1 a5 19. Nd2 Ne5 20. Rxf8
Rxf8 21. Rf1 Rd8 22. b3 Bb6 23. Nc4 Nxc4 24. bxc4 Be3 25. Rd1 Rxd1 26. Kxd1 Kd6
27. Kc2 Ke5 28. Kd3 Bf2 29. a4 c5 30. Nc1 Bh4 31. Ne2 Bf2 32. Nc1 Kf4 33. Ne2+
Kg5 34. Nc1 Kf4 35. Ne2+ Ke5 36. Nc1 Kf4 1/2-1/2

[Event "I Open Sociale Caissa"]
[Site "Napoli ITA"]
[Date "2015.07.09"]
[Round "6"]
[White "Minopoli, Francesco"]
[Black "Guglielmi, Domenico Donato"]
[WhiteElo "1652"]
[BlackElo "1620"]
[Result "1-0"]
[PlyCount "79"]
[EventDate "2015.06.04"]

1. Nf3 d5 2. g3 Nc6 3. Bg2 Nf6 4. O-O e5 5. d3 Be7 6. Nbd2 O-O 7. c4 d4 8. a3
a6 9. b4 b5 10. Nxe5 Nxe5 11. Bxa8 bxc4 12. Nxc4 Nxc4 13. dxc4 Bh3 14. Bg2 Bxg2
15. Kxg2 Ne4 16. Qd3 f5 17. e3 Bf6 18. Ra2 g6 19. Rc2 c5 20. b5 Qa8 21. f3 Ng5
22. exd4 Rd8 23. d5 Nf7 24. a4 Bd4 25. f4 Nd6 26. Bb2 axb5 27. axb5 Bxb2 28.
Rxb2 Ne4 29. Qb3 Qb7 30. Ra1 Qg7 31. b6 Nd6 32. b7 Rb8 33. Ra8 Qc7 34. Qb6 Qxb6
35. Rxb6 Rxa8 36. bxa8=Q+ Kg7 37. Rxd6 Kh6 38. Qg8 Kh5 39. Qxh7+ Kg4 40. Qh4#
1-0

[Event "I Open Sociale Caissa"]
[Site "Napoli ITA"]
[Date "2015.07.09"]
[Round "6"]
[White "Nardiello, Luigi"]
[Black "Cuccaro, Giuseppina"]
[WhiteElo "1900"]
[BlackElo "1374"]
[Result "1-0"]
[PlyCount "53"]
[EventDate "2015.06.04"]

1. e4 c6 2. d4 d5 3. Nc3 dxe4 4. Nxe4 Nd7 5. Nf3 Ngf6 6. Nxf6+ Nxf6 7. Bc4 g6
8. O-O Bg7 9. h3 O-O 10. a4 a5 11. Re1 Re8 12. c3 Bf5 13. Ng5 Nd5 14. Qf3 Bf6
15. Nxf7 Kxf7 16. g4 Bxg4 17. hxg4 Kg8 18. Kg2 e6 19. Rh1 Bg5 20. Bxd5 exd5 21.
Bxg5 Qxg5 22. Rxh7 Rf8 23. Qh3 Qf6 24. f4 Rf7 25. Rh1 Qxf4 26. Rxf7 Qxf7 27.
Qh8# 1-0

[Event "I Open Sociale Caissa"]
[Site "Napoli ITA"]
[Date "2015.07.09"]
[Round "6"]
[White "Pellegrino, Giovanni"]
[Black "Solombrino, Giovanni"]
[WhiteElo "1420"]
[BlackElo "1831"]
[Result "0-1"]
[PlyCount "104"]
[EventDate "2015.06.04"]

1. d4 Nf6 2. c4 g6 3. Nc3 d5 4. cxd5 Nxd5 5. e4 Nxc3 6. bxc3 Bg7 7. Bc4 O-O 8.
Ne2 c5 9. Be3 Nc6 10. Rc1 Bg4 11. f3 Na5 12. Bd3 Bd7 13. Qd2 Rc8 14. Bh6 cxd4
15. cxd4 Rxc1+ 16. Qxc1 Qb6 17. h4 Rc8 18. Qe3 Nc4 19. Bxc4 Qb1+ 20. Qc1 Qxc1+
21. Bxc1 Rxc4 22. Be3 Rc2 23. a3 Bb5 24. Nf4 Bxd4 25. Kd1 Rc4 26. Re1 Ba4+ 27.
Ke2 Bxe3 28. Kd3 Bb5 29. Rxe3 f5 30. Nd5 e5 31. Nb4 Rxb4+ 32. Kc3 Rc4+ 33. Kb3
fxe4 34. fxe4 Rd4 35. Kc3 Bc6 36. g3 Rxe4 37. Rd3 Kf7 38. Kb3 Rd4 39. Re3 Ke6
40. Kc3 Kd5 41. Rf3 e4 42. Rf4 Rd3+ 43. Kb2 Rxg3 44. h5 e3 45. hxg6 hxg6 46.
Rf1 Rg2+ 47. Kb3 e2 48. Re1 Rf2 49. Kc3 Ke4 50. Kd2 Bb5 51. Rh1 Rf1 52. Rh4+
Kf5 0-1

[Event "I Open Sociale Caissa"]
[Site "Napoli ITA"]
[Date "2015.07.09"]
[Round "6"]
[White "Spano, Angelo Salvatore"]
[Black "Baccelliere, Antonio"]
[WhiteElo "1452"]
[BlackElo "1673"]
[Result "0-1"]
[PlyCount "58"]
[EventDate "2015.06.04"]

1. g3 d5 2. Bg2 c5 3. e3 e5 4. b3 Nf6 5. Bb2 Nc6 6. d3 Bd6 7. Nd2 Bg4 8. Bf3
Be6 9. Bg2 Qd7 10. h3 h5 11. Qe2 Nb4 12. Qd1 a5 13. a3 Nc6 14. Bf3 b5 15. c3 g6
16. h4 O-O 17. Qe2 a4 18. d4 exd4 19. Qxb5 dxc3 20. Bxc3 Rfb8 21. Qe2 axb3 22.
Bxf6 c4 23. Bxh5 Be5 24. Bxe5 Nxe5 25. Kd1 Nd3 26. Bf3 b2 27. Nb1 bxa1=Q 28. h5
Qa4+ 29. Kd2 Qb2# 0-1

[Event "I Open Sociale Caissa"]
[Site "Napoli ITA"]
[Date "2015.07.09"]
[Round "6"]
[White "Supino, Domenico"]
[Black "Taurisano, Vincenzo"]
[WhiteElo "2021"]
[BlackElo "1872"]
[Result "1-0"]
[PlyCount "67"]
[EventDate "2015.06.04"]

1. c4 c5 2. Nc3 Nf6 3. g3 Nc6 4. Bg2 g6 5. Nf3 Bg7 6. O-O O-O 7. d3 d6 8. e3
Rb8 9. Qe2 Ng4 10. h3 Nge5 11. Ne1 Be6 12. f4 Nd7 13. Nf3 Nf6 14. g4 h5 15. g5
Ne8 16. Nh4 Bxc3 17. bxc3 Ng7 18. e4 Qc8 19. Kh2 b5 20. cxb5 Rxb5 21. d4 Nxd4
22. cxd4 Rb4 23. d5 Bd7 24. Qf3 Bb5 25. Rf2 Qa6 26. Bb2 Bd3 27. Re1 Rfb8 28.
Bxg7 Kxg7 29. f5 Rb2 30. f6+ Kg8 31. Rxb2 Rxb2 32. fxe7 Rb8 33. Qf6 Qa4 34.
Qxd6 1-0

[Event "I Open Sociale Caissa"]
[Site "Napoli ITA"]
[Date "2015.07.09"]
[Round "6"]
[White "Zinnai, Graziano Matteo"]
[Black "De Rosa, Francesco"]
[WhiteElo "2085"]
[BlackElo "1971"]
[Result "1-0"]
[PlyCount "105"]
[EventDate "2015.06.04"]

1. e4 c5 2. Ne2 d6 3. c4 Nc6 4. d4 cxd4 5. Nxd4 Nf6 6. Nc3 g6 7. Be2 Nxd4 8.
Qxd4 Bg7 9. Be3 O-O 10. Qd1 Be6 11. f3 Qa5 12. O-O Rac8 13. Qb3 Qa6 14. Nb5 b6
15. Rac1 Nd7 16. Bd4 Bxd4+ 17. Nxd4 Nc5 18. Qe3 Qb7 19. b4 Nd7 20. f4 Nf6 21.
Bd3 Bd7 22. e5 dxe5 23. fxe5 Ng4 24. Qg3 Qc7 25. Rfe1 Rcd8 26. h3 Nh6 27. Qh4
Be6 28. Nxe6 fxe6 29. Bxg6 Kg7 30. Bb1 Nf5 31. Qh5 Rf7 32. g4 Rg8 33. gxf5 Kf8+
34. Kf2 exf5 35. Qf3 Rg6 36. a3 a5 37. c5 axb4 38. axb4 bxc5 39. Rxc5 Qb6 40.
Ba2 e6 41. Rb1 Ra7 42. Bc4 f4 43. Qc6 Qd8 44. Qc8 Rd7 45. Qxd8+ Rxd8 46. b5 Rg3
47. b6 Rd2+ 48. Be2 Ra2 49. b7 f3 50. b8=Q+ Kf7 51. Rc7+ Kg6 52. Qg8+ Kf5 53.
Rf7+ 1-0

[Event "I Open Sociale Caissa"]
[Site "Napoli ITA"]
[Date "2015.07.16"]
[Round "7"]
[White "Baltzopoulos, Giorgos"]
[Black "Messina, Enrico"]
[WhiteElo "2002"]
[BlackElo "2127"]
[Result "0-1"]
[PlyCount "120"]
[EventDate "2015.06.04"]

1. Nf3 d6 2. d4 Nf6 3. c4 Nbd7 4. Nc3 e5 5. e4 Be7 6. Be2 O-O 7. O-O c6 8. Qc2
a5 9. Rd1 Qc7 10. Rb1 Re8 11. a3 Nf8 12. d5 Bg4 13. b4 axb4 14. axb4 Bxf3 15.
Bxf3 Rec8 16. Bg5 Nxd5 17. Nxd5 cxd5 18. Bxe7 Qxe7 19. exd5 b6 20. Bg4 Rc7 21.
Ra1 Rca7 22. Rxa7 Qxa7 23. h4 g6 24. Rb1 f5 25. Be2 Nd7 26. Qd2 Nf6 27. Bf3 Rc8
28. Rc1 Qa3 29. h5 e4 30. Qe1 Nxd5 31. Ra1 Qxb4 32. Bxe4 Qxe1+ 33. Rxe1 fxe4
34. cxd5 Rc5 35. hxg6 hxg6 36. Rxe4 Kf7 37. Rd4 Kf6 38. f4 Kf5 39. Kh2 Kg4 40.
f5+ Kxf5 41. Kg3 g5 42. Kf3 b5 43. Ke3 Rc3+ 44. Kf2 Rc4 45. Rd3 Re4 46. Re3 Rd4
47. Re8 Rxd5 48. Rb8 Rd2+ 49. Kf3 g4+ 50. Kg3 Rd3+ 51. Kf2 g3+ 52. Ke2 Rb3 53.
Rf8+ Ke4 54. Re8+ Kd4 55. Rg8 d5 56. Rg4+ Kc5 57. Rg8 Rc3 58. Kd2 b4 59. Rg4 d4
60. Rg8 b3 0-1

[Event "I Open Sociale Caissa"]
[Site "Napoli ITA"]
[Date "2015.07.16"]
[Round "7"]
[White "Buiano, Fabio"]
[Black "Zinnai, Graziano Matteo"]
[WhiteElo "2065"]
[BlackElo "2085"]
[Result "1/2-1/2"]
[PlyCount "95"]
[EventDate "2015.06.04"]

1. e4 e6 2. d4 d5 3. Nc3 Nf6 4. Bg5 Be7 5. e5 Nfd7 6. Bxe7 Qxe7 7. f4 a6 8. Nf3
c5 9. dxc5 Nc6 10. Qd2 Qxc5 11. O-O-O b5 12. Bd3 Bb7 13. Ng5 h6 14. Nxe6 fxe6
15. Bg6+ Kf8 16. Ne4 dxe4 17. Qxd7 Qe7 18. Qd2 Rc8 19. Kb1 Nb4 20. f5 Bd5 21.
a3 Nxc2 22. Rhf1 Kg8 23. Rc1 e3 24. Qd3 Qc5 25. f6 gxf6 26. exf6 Qc4 27. Qxc4
Rxc4 28. Rxc2 e2 29. Rxe2 Rg4 30. Bh5 Rg5 31. g4 Bc4 32. Rfe1 Bxe2 33. Rxe2
Rxh5 34. gxh5 Kf7 35. Rf2 Rc8 36. Rg2 Rg8 37. Rc2 a5 38. h4 Rg1+ 39. Ka2 Rf1
40. Rc7+ Kxf6 41. Rh7 Rf5 42. Rxh6+ Ke5 43. Rh8 Kf4 44. h6 Rh5 45. h7 Ke4 46.
Re8 Rxh7 47. Rxe6+ Kd5 48. Ra6 1/2-1/2

[Event "I Open Sociale Caissa"]
[Site "Napoli ITA"]
[Date "2015.07.16"]
[Round "7"]
[White "Cuccaro, Giuseppina"]
[Black "Spano, Angelo Salvatore"]
[WhiteElo "1374"]
[BlackElo "1452"]
[Result "1-0"]
[PlyCount "71"]
[EventDate "2015.06.04"]

1. d4 g6 2. c4 Bg7 3. Nc3 e6 4. Nf3 Ne7 5. e4 O-O 6. Be2 b6 7. Be3 d6 8. Qd2
Kh8 9. Bh6 Ng8 10. Bxg7+ Kxg7 11. h4 f6 12. h5 Qe8 13. hxg6 Qxg6 14. g3 e5 15.
Nh4 Qh6 16. Nf5+ Bxf5 17. Rxh6 Nxh6 18. exf5 Nxf5 19. O-O-O exd4 20. Nd5 Nc6
21. Nxc7 Rae8 22. Nxe8+ Rxe8 23. Bd3 Kg6 24. Bxf5+ Kxf5 25. Qf4+ Kg6 26. Qg4+
Kf7 27. Rh1 Rh8 28. Qd7+ Ne7 29. Qxd6 Nf5 30. Qd5+ Kg6 31. Qe4 Rc8 32. b3 b5
33. g4 Rc5 34. gxf5+ Rxf5 35. c5 Kg5 36. Rg1+ 1-0

[Event "I Open Sociale Caissa"]
[Site "Napoli ITA"]
[Date "2015.07.16"]
[Round "7"]
[White "De Rosa, Francesco"]
[Black "Supino, Domenico"]
[WhiteElo "1971"]
[BlackElo "2021"]
[Result "0-1"]
[PlyCount "108"]
[EventDate "2015.06.04"]

1. Nf3 Nf6 2. g3 g6 3. Bg2 Bg7 4. c4 c5 5. O-O O-O 6. Nc3 Nc6 7. e3 d6 8. d4
cxd4 9. Nxd4 Bd7 10. Qd2 Rc8 11. b3 a6 12. Bb2 Qa5 13. h3 Rfe8 14. Rfd1 Nxd4
15. exd4 b5 16. cxb5 axb5 17. g4 b4 18. Ne2 Nd5 19. Rdc1 e6 20. a4 Bc6 21. Rc4
Rc7 22. Rac1 Rec8 23. g5 Qa8 24. Bxd5 exd5 25. Rxb4 Bd7 26. Rxc7 Rxc7 27. Rb6
Bxh3 28. Qb4 Qd8 29. Rb8 Bc8 30. Qd2 Qd7 31. Ng3 Bf8 32. Ba3 Qg4 33. Qa5 Rc2
34. Qxd5 Qf4 35. Qg2 Qxd4 36. Qf1 Ra2 37. Bc1 Rc2 38. Be3 Qd5 39. Rb5 Qc6 40.
Qg2 Qc3 41. Ne4 Qe1+ 42. Kh2 Ba6 43. Nf6+ Kg7 44. Qh3 Rxf2+ 45. Bxf2 Qxf2+ 46.
Qg2 Qf4+ 47. Kh3 Bxb5 48. axb5 Qf5+ 49. Kh2 Qxb5 50. Qf3 Qxg5 51. Ne8+ Kg8 52.
Nf6+ Kh8 53. Ne4 Qe5+ 54. Kg2 d5 0-1

[Event "I Open Sociale Caissa"]
[Site "Napoli ITA"]
[Date "2015.07.16"]
[Round "7"]
[White "Fortuna, Armando"]
[Black "Pellegrino, Giovanni"]
[WhiteElo "1608"]
[BlackElo "1420"]
[Result "0-1"]
[PlyCount "66"]
[EventDate "2015.06.04"]

1. e4 e6 2. d4 d5 3. Nc3 Nf6 4. e5 Nfd7 5. Bd3 c5 6. Be3 cxd4 7. Bxd4 Nc6 8.
Bb5 Be7 9. Qg4 Nxd4 10. Qxd4 O-O 11. O-O-O Bc5 12. Qf4 Qb6 13. Nh3 f6 14. Bxd7
Bxd7 15. Rhe1 fxe5 16. Qxe5 Bxf2 17. Nxd5 exd5 18. Qxd5+ Kh8 19. Re7 Bc6 20.
Qg5 Bd4 21. c3 Bf6 22. Qe3 Bxe7 23. Qxe7 Rae8 24. Qh4 Qe3+ 25. Kb1 Qe4+ 26.
Qxe4 Bxe4+ 27. Kc1 Bxg2 28. Ng5 Rf1 29. Rxf1 Bxf1 30. Nf7+ Kg8 31. Nd6 Re7 32.
Nc8 Re1+ 33. Kd2 Re2+ 0-1

[Event "I Open Sociale Caissa"]
[Site "Napoli ITA"]
[Date "2015.07.16"]
[Round "7"]
[White "Gatto, Lucio"]
[Black "Vecchione, Anna Pia"]
[WhiteElo "2082"]
[BlackElo "1722"]
[Result "1-0"]
[PlyCount "115"]
[EventDate "2015.06.04"]

1. Nf3 Nf6 2. d4 d5 3. e3 c5 4. Be2 e6 5. O-O Be7 6. b3 O-O 7. Bb2 b6 8. Ne5
Bb7 9. Nd2 Nfd7 10. Ndf3 f6 11. Nxd7 Nxd7 12. c4 dxc4 13. bxc4 Ba6 14. d5 exd5
15. Qxd5+ Kh8 16. Rad1 Ne5 17. Nxe5 Qxd5 18. Rxd5 fxe5 19. Bxe5 Rad8 20. Rfd1
Rxd5 21. Rxd5 Bc8 22. Bd6 Bxd6 23. Rxd6 Kg8 24. f4 Re8 25. Kf2 Kf7 26. Rc6 Bf5
27. Bf3 Re7 28. Bd5+ Ke8 29. Rd6 Be4 30. g4 Bxd5 31. Rxd5 Re4 32. Re5+ Rxe5 33.
fxe5 g5 34. Kf3 Ke7 35. a4 Ke6 36. Ke4 a6 37. h3 h6 38. Kd3 Kxe5 39. Kd2 Ke4
40. Ke2 a5 41. Kd2 Kf3 42. Kd3 Kg3 43. Ke2 Kxh3 44. Kf3 h5 45. gxh5 g4+ 46. Kf4
g3 47. h6 g2 48. h7 g1=Q 49. h8=Q+ Kg2 50. Qg7+ Kf2 51. Qxg1+ Kxg1 52. e4 Kf2
53. e5 Ke2 54. e6 b5 55. cxb5 c4 56. e7 c3 57. e8=Q+ Kd1 58. Kf3 1-0

[Event "C.to Provinciale AP-FM"]
[Site "Porto Sant'Elpidio ITA"]
[Date "2015.04.17"]
[Round "5"]
[White "Ripa, Antonio"]
[Black "Giardini, Fabio"]
[WhiteElo "1383"]
[BlackElo "1482"]
[Result "0-1"]
[PlyCount "116"]
[EventDate "2015.04.13"]

1. d4 e6 2. e4 d6 3. Nf3 Nd7 4. Bb5 c6 5. Bd3 h6 6. c4 b6 7. Nc3 Bb7 8. O-O Be7
9. Re1 c5 10. d5 e5 11. a3 Ngf6 12. h3 Nh7 13. b4 O-O 14. Ne2 Bc8 15. Ng3 Ndf6
16. Nf5 Bxf5 17. exf5 Ne8 18. Be4 Qc8 19. b5 Nef6 20. Bd3 a6 21. bxa6 Rxa6 22.
g4 Qd7 23. Bc2 Rfa8 24. a4 e4 25. Nd2 Ng5 26. f4 Nxh3+ 27. Kh2 Nxf4 28. Nxe4
Nxe4 29. Rxe4 Nxd5 30. cxd5 b5 31. Bd3 c4 32. Bc2 Bf6 33. Ra2 Qd8 34. Qg1 Be5+
35. Bf4 Qh4+ 36. Kg2 Qxg4+ 37. Kf1 Qf3+ 38. Qf2 Qxf2+ 39. Kxf2 Bf6 40. Ke1 Bc3+
41. Kd1 h5 42. a5 Bb4 43. Bd2 Bc5 44. Ke2 Kf8 45. Kf3 Re8 46. Rxe8+ Kxe8 47.
Kf4 b4 48. Ra1 Bd4 49. Re1+ Be5+ 50. Kg5 c3 51. Bf4 f6+ 52. Kxh5 Rxa5 53. Kg6
Kf8 54. Bxe5 fxe5 55. f6 gxf6 56. Kxf6 Rxd5 57. Bb3 Rd4 58. Ke6 Ke8 0-1

[Event "C.to Torinese Assoluto Semifinale"]
[Site "Torino ITA"]
[Date "2015.05.18"]
[Round "3"]
[White "Covello, Danilo"]
[Black "Gallucci, Alessio"]
[WhiteElo "1988"]
[BlackElo "2139"]
[Result "1/2-1/2"]
[PlyCount "102"]
[EventDate "2015.05.04"]

1. c4 e6 2. g3 f5 3. Bg2 Nf6 4. Nc3 d5 5. d4 c6 6. Bf4 Be7 7. Nf3 O-O 8. O-O
Nbd7 9. Ng5 Nb8 10. c5 h6 11. Nf3 Nbd7 12. h4 Qe8 13. e3 Nh7 14. b4 Rf7 15. b5
g5 16. hxg5 hxg5 17. Bc7 Bf6 18. Bd6 Rg7 19. bxc6 bxc6 20. Qa4 g4 21. Qxc6 Bb7
22. Qxb7 gxf3 23. Bxf3 Nb6 24. Qa6 Nc4 25. Nxd5 Nd2 26. Nxf6+ Nxf6 27. Bxa8
Qxa8 28. c6 Nf3+ 29. Kg2 Nh4+ 30. Kh3 Qe8 31. gxh4 e5 32. Bxe5 f4 33. Qc4+ Kh7
34. Qd3+ Kg8 35. Qf5 Qxc6 36. d5 Qxd5 37. Qc8+ Kh7 38. Qc2+ Rg6 39. e4 Qe6+ 40.
Kh2 Qg4 41. Qc7+ Nd7 42. Qxd7+ Qxd7 43. Bxf4 Qe7 44. Bg3 Rg4 45. e5 Kg6 46.
Rad1 Rxh4+ 47. Bxh4 Qxh4+ 48. Kg2 Qg4+ 49. Kh2 Qh4+ 50. Kg2 Qg4+ 51. Kh2 Qh4+
1/2-1/2

[Event "C.to Torinese Assoluto Semifinale"]
[Site "Torino ITA"]
[Date "2015.05.18"]
[Round "3"]
[White "Fassio, Luca"]
[Black "Mina, Marco"]
[WhiteElo "2037"]
[BlackElo "2010"]
[Result "1/2-1/2"]
[PlyCount "116"]
[EventDate "2015.05.04"]

1. e4 e6 2. d4 d5 3. Nd2 Be7 4. Ngf3 Nf6 5. e5 Nfd7 6. Bd3 c5 7. c3 Nc6 8. O-O
g5 9. dxc5 g4 10. Nd4 Ndxe5 11. Be2 h5 12. b4 a6 13. N2b3 Ng6 14. Nxc6 bxc6 15.
Nd4 Qc7 16. f4 gxf3 17. Nxf3 Nf4 18. Bxf4 Qxf4 19. Qd4 Qxd4+ 20. Nxd4 Bd7 21.
a4 a5 22. Nc2 e5 23. Ne3 axb4 24. cxb4 Rb8 25. Rab1 f6 26. h4 Kf7 27. Kh2 Kg6
28. g3 f5 29. Rfc1 Rhc8 30. Ba6 Rc7 31. b5 Ra7 32. bxc6 Rxb1 33. Rxb1 Bxc5 34.
cxd7 Rxd7 35. Bc8 Rd8 36. Bxf5+ Kf6 37. Nxd5+ Rxd5 38. Rf1 Kg7 39. Be4 Rd4 40.
Bc6 Bd6 41. Be8 e4 42. Rf7+ Kg8 43. Rf5 e3 44. Bxh5 Rxh4+ 45. Kg2 Rxa4 46. Be2
Kg7 47. Kf3 Ra3 48. Rd5 Be7 49. Bd3 Bc5 50. Rxc5 Rxd3 51. Ke2 Ra3 52. Re5 Kg6
53. Rxe3 Rxe3+ 54. Kxe3 Kg5 55. Kf3 Kf5 56. g4+ Kg5 57. Kg3 Kg6 58. Kf4 Kf6
1/2-1/2

[Event "C.to Torinese Assoluto Semifinale"]
[Site "Torino ITA"]
[Date "2015.05.25"]
[Round "4"]
[White "Chianale, Angelo"]
[Black "Kazarina, Yulia"]
[WhiteElo "1737"]
[BlackElo "1943"]
[Result "0-1"]
[PlyCount "114"]
[EventDate "2015.05.04"]

1. e4 e6 2. d3 d5 3. Nd2 Nf6 4. Ngf3 Be7 5. g3 O-O 6. Bg2 Nc6 7. O-O dxe4 8.
dxe4 e5 9. c3 b6 10. Re1 Bb7 11. Nh4 a5 12. a4 Qd7 13. h3 Rfd8 14. Qe2 Ba6 15.
Qf3 Qe6 16. Bf1 Bxf1 17. Nxf1 Qxh3 18. Be3 Rd3 19. Rad1 Rad8 20. Rxd3 Rxd3 21.
Rd1 Qd7 22. Rxd3 Qxd3 23. Bg5 Qxe4 24. Qd1 Qg4 25. Qxg4 Nxg4 26. Bxe7 Nxe7 27.
Nd2 f5 28. Nhf3 Kf7 29. Ng5+ Kg6 30. Ne6 c6 31. Nf8+ Kf7 32. Nxh7 b5 33. axb5
cxb5 34. Ng5+ Kf6 35. Ngf3 Nc6 36. Kf1 e4 37. Ne1 g5 38. Ke2 b4 39. cxb4 Nd4+
40. Kf1 axb4 41. Nc4 f4 42. gxf4 gxf4 43. Nd2 Nxf2 44. Nc4 e3 45. Kg2 Kf5 46.
Nf3 Nxf3 47. Kxf3 Nd3 48. Nxe3+ fxe3 49. Kxe3 Nxb2 50. Kd4 Kf4 51. Kc5 Nd3+ 52.
Kc4 Ke3 53. Kb3 Kd2 54. Ka2 Kc1 55. Ka1 Nc5 56. Ka2 b3+ 57. Ka1 b2+ 0-1

[Event "C.to Torinese Assoluto Semifinale"]
[Site "Torino ITA"]
[Date "2015.05.25"]
[Round "4"]
[White "Covello, Danilo"]
[Black "Fassio, Luca"]
[WhiteElo "1988"]
[BlackElo "2037"]
[Result "1-0"]
[PlyCount "85"]
[EventDate "2015.05.04"]

1. c4 g6 2. g3 Bg7 3. Bg2 e5 4. Nc3 Ne7 5. Nf3 O-O 6. O-O d6 7. d4 exd4 8. Nxd4
Nbc6 9. e3 Bd7 10. b3 Qc8 11. Bb2 Bh3 12. Rc1 Bxg2 13. Kxg2 f5 14. Nd5 Qd7 15.
Qd2 Ne5 16. Nf4 Rfe8 17. Rfd1 N7c6 18. Nxc6 bxc6 19. Bxe5 Bxe5 20. Nd3 Bf6 21.
Qa5 Qe7 22. Kg1 Bg5 23. Rc2 c5 24. b4 cxb4 25. Nxb4 c5 26. Nd5 Qe4 27. Qa4 Rab8
28. Rcd2 Rb1 29. h4 Rxd1+ 30. Rxd1 Bd8 31. Qd7 Bxh4 32. Nc3 Qe7 33. Rxd6 Qxd7
34. Rxd7 Bf6 35. Nd5 Bg7 36. Rxa7 Rb8 37. a4 h5 38. a5 Rb1+ 39. Kg2 Rc1 40. a6
Rxc4 41. Re7 Ra4 42. a7 Bf8 43. Nf6+ 1-0